Server architectures : multiprocessors, clusters, parallel systems, Web servers, and storage solutions
The goal of this book is to present and compare various options one for systems architecture from two separate points of view. One, that of the information technology decision-maker who must choose a solution matching company business requirements, and secondly that of the systems architect who find...
Đã lưu trong:
| Príomhúdar: | |
|---|---|
| Formáid: | Leabhar |
| Teanga: | Undetermined |
| Foilsithe: |
Amsterdam,Boston
Elsevier/Digital Press
2005
|
| Ábhair: | |
| Clibeanna: |
Cuir Clib Leis
Gan Chlibeanna, Bí ar an gcéad duine leis an taifead seo a chlibeáil!
|
| Thư viện lưu trữ: | Trung tâm Học liệu Trường Đại học Cần Thơ |
|---|
| LEADER | 01178nam a2200217Ia 4500 | ||
|---|---|---|---|
| 001 | CTU_158106 | ||
| 008 | 210402s9999 xx 000 0 und d | ||
| 020 | |c 78.25 | ||
| 082 | |a 004.22 | ||
| 082 | |b C527 | ||
| 100 | |a Chevance, René J. | ||
| 245 | 0 | |a Server architectures : | |
| 245 | 0 | |b multiprocessors, clusters, parallel systems, Web servers, and storage solutions | |
| 245 | 0 | |c René J. Chevance. | |
| 260 | |a Amsterdam,Boston | ||
| 260 | |b Elsevier/Digital Press | ||
| 260 | |c 2005 | ||
| 520 | |a The goal of this book is to present and compare various options one for systems architecture from two separate points of view. One, that of the information technology decision-maker who must choose a solution matching company business requirements, and secondly that of the systems architect who finds himself between the rock of changes in hardware and software technologies and the hard place of changing business needs. | ||
| 650 | |a Computer architecture,System design,Client/server computing,Kiến trúc máy tính,Thiết kế hệ thống,Máy tính khách/Chủ | ||
| 904 | |i Năm | ||
| 980 | |a Trung tâm Học liệu Trường Đại học Cần Thơ | ||